| 000 | 00863nam a2200253 i 4500 | ||
|---|---|---|---|
| 001 | 187451 | ||
| 003 | ES-MaACL | ||
| 005 | 20231229062538.0 | ||
| 008 | 170705s1984 sp |||| | spa d | ||
| 020 | _a84-206-4125-1 | ||
| 080 | _a165 | ||
| 100 | 1 |
_aOrtega y Gasset, José, _d1883-1955 _987503 |
|
| 245 | 1 | 1 |
_a¿Qué es conocimiento? / _cOrtega y Gasset. |
| 250 | _a1ª ed. en "Obras de José Ortega y Gasset". | ||
| 260 |
_aMadrid : _bRevista de Occidente en Alianza Editorial, _c1984. |
||
| 300 |
_a184 p. ; _c18 cm. |
||
| 490 | 1 |
_aObras de José Ortega y Gasset ; _v25 |
|
| 598 | _aColección editada por Paulino Garagorri. | ||
| 650 | 4 |
_aEpistemología. _912338 |
|
| 700 | 1 |
_aGaragorri, Paulino, _d1916-2007 _953911 |
|
| 830 | 1 |
_aObras de José Ortega y Gasset ; _v25 _9181562 |
|
| 852 |
_aES-MaACL _jL-31823 |
||
| 999 |
_c187451 _d187451 |
||